Skrajne punkty Polski i Europy - Statystyki

Ogólne statystyki
  • Ten quiz został rozwiązany 58 razy
    51 od ostatniego zresetowania
  • Średni wynik to 4 z 17
Statystyki odpowiedzi
Hin Odpowiedź % Poprawnych
miejscowość - Najdalej na północ wysunięty kraniec Polski Jastrzębia Góra
80%
Najbardziej wysunięty na wschód punkt na ziemi według linii zmiany daty (nazwa, kraj) Atol Caroline, Kiribati
56%
najbardziej wysunięte na południe miasto Świata (nazwa, kraj) Ushuaia, Argentyna
50%
Najdalej na zachód wysunięty kraniec Polski zakole Odry koło Osinowa Dolnego
50%
Nazwy 2 miast, w których zostały po wojnie ustalone granice Polski Jałta | Poczdam
45%
Długość granicy z Czechami w km 796
44%
Najdalej na północ wysunięty kraniec Polski - koordynaty 54 50
43%
Długość granicy z Litwą w km 104
40%
Najbardziej wysunięty na północ przylądek Europy W OGÓLE (nazwa, kraj) Fligely, Rosja
40%
Najdalej na południe wysunięty kraniec Polski Opołonek
40%
Najbardziej wysunięty na północ przylądek KONTYNENTALNEJ Europy (nazwa, kraj) Nordkinn, Norwegia
38%
Długość granicy morskiej Polski w km 440
33%
Powierzchnia polski zaokrąglona do tysięcy w km 312 000
29%
Najdalej na wschód wysunięty kraniec Polski zakole Bugu we wsi Zosin
25%
Najbardziej wysunięty na południe przylądek Europy W OGÓLE (nazwa, kraj) Gawdos, Grecja
22%
wody terytorialne 12 mil
20%
Całkowita długość granic Polski w km 3511
20%
Rozciągłość południkowa Polski w km 649
20%
Najdalej na południe wysunięty kraniec Polski - koordynaty 49 00
17%
Długość granicy z ze Słowacją w km 541
17%
Najbardziej wysunięty na zachód przylądek Europy W OGÓLE (nazwa, kraj) Bjargtangar, Islandia
17%
Najdalej na wschód wysunięty kraniec Polski - koordynaty 24 09
14%
Najdalej na zachód wysunięty kraniec Polski - koordynaty 14 07
13%
Długość granicy z Rosją w km 210
13%
Długość granicy z Ukrainą w km 535
10%
Najbardziej wysunięty na południe przylądek KONTYNENTALNEJ Europy (nazwa, kraj) Marroquí, Hiszpania
9%
Długość granicy wyznaczonej przez rzekę Bug w km 150
0%
Od 2018 r. powierzchnia Polski zwiększyła się o [xxxx] ha 2558
0%
Długość granicy z Białorusią w km 418
0%
Długość granicy z Niemcami w km 467
0%
Rozciągłość równoleżnikowa Polski w km 689
0%
Morskie wody wewnętrzne Polski - powierzchnia w km2 827
0%
Środek całego terytorium Polski Nowa Wieś
0%
Najbardziej wysunięty na zachód przylądek KONTYNENTALNEJ Europy (nazwa, kraj) Roca, Portugalia
0%
Nie znaleziono quizów pasujących do podanych kryteriów
Rozkład punktacji
Procent ludzi z każdym wynikiem
Percentyl według liczby udzielonych odpowiedzi
Twoja historia wyników
Nie rozwiązałeś tego quizu od ostatniego zresetowania